Statistiques concernant Age of Empires II - Civilisations

Cliquez ici pour prendre le quiz!

Statistiques générales

  • Ce quiz a été pris 43 fois
  • Le résultat moyen est 24 sur 42

Statistiques - réponses

Civilisation% Correct
Aztèques
92%
Chinois
92%
Francs
92%
Espagnols
89%
Japonais
87%
Mayas
87%
Turcs
84%
Incas
82%
Portugais
82%
Coréens
76%
Vikings
76%
Mongols
68%
Perses
68%
Celtes
66%
Italiens
66%
Britanniques
63%
Byzantins
63%
Goths
63%
Hongrois
63%
Huns
63%
Teutons
63%
Maliens
58%
Sarrasins
58%
Ethiopiens
50%
Polonais
50%
Vietnamiens
50%
Bourguignons
47%
Bulgares
47%
Khmers
47%
Malais
47%
Berbères
45%
Slaves
42%
Birmans
39%
Lituaniens
39%
Tatars
34%
Siciliens
32%
Coumans
29%
Bohémiens
26%
Hindoustanis
16%
Bengalis
13%
Dravidiens
13%
Gurjaras
11%

Distribution des résultats

Percentile par nombre de réponses

% des personnes avec chaque résultat

Votre développement - résultats

Vous n’avez pas pris ce quiz